| 000 | 01184nam a22002777a 4500 | ||
|---|---|---|---|
| 999 |
_c21409 _d21409 |
||
| 003 | AR-CdUCM | ||
| 008 | 190529b ||||| |||| 00| 0 spa d | ||
| 020 | _a9786124191329 | ||
| 040 |
_aMUNICIPALIDAD PROVINCIAL DEL CUSCO _cBIBLIOTECA MUNICIPAL DEL CUSCO |
||
| 082 |
_a512.2/CH55 _bCH55 |
||
| 100 |
_aChu Rubio, Manuel _944655 |
||
| 245 | _aMatemática para las decisiones financieras / | ||
| 260 |
_aLima ; _bUniversidad Peruana de Ciencias Aplicadas (UPC), _c2014. |
||
| 300 |
_a276 Páginas. : _c24x17 cm. |
||
| 505 | _aContenido: El sistema financiero definiciones básicas -- Valor del dinero en el tiempo tasa de interés -- El valor del dinero en el tiempo valor presente y rentas anualidades -- Gradientes -- Análisis de crédito -- Inflación y depreciación monetaria -- Criterio de evaluación de inversiones. | ||
| 650 |
_aMatemáticas financieras _919226 |
||
| 650 |
_aMercado financiero _944656 |
||
| 650 |
_aDinero _915653 |
||
| 650 |
_aInflación _94615 |
||
| 650 |
_aDepreciación _944657 |
||
| 650 |
_aInversiones _94219 |
||
| 650 |
_aEjercicios de aplicación _944625 |
||
| 700 |
_aAgüero Olivos, Carlos _944658 |
||
| 942 |
_2ddc _cLIBROS |
||
| 945 | _aRoel | ||